000 00450cam a22001575a 4500
001 J100961
008 000000s1930 xxk 000 0 eng u
035 _a(Sirsi) u100961
110 _aSurveyors' Institution
_93783
245 _aExaminations. Papers set at the preliminary, special test, and professional examinations 1930.
260 _c1930
300 _a101p.
651 4 _aUnited Kingdom
_y
690 _aBusiness and management
942 _n0
999 _c99953
_d99953